Linkin Park's songs lyrics - Statistics

General Stats
  • This quiz has been taken 504 times
  • The average score is 7 of 15
Answer Stats
Answer % Correct
All these thoughts they make no sense, I found bliss in ignorance One Step Closer
88%
I hyperventilate, looking for help somehow somewhere Given Up
63%
But now I have some clarity to show you what I mean Breaking The Habit
62%
Forgetting, all the hurt inside you've learned to hide so well Leave Out All The Rest
61%
It's true the way I feel, was promised by your face With You
56%
Like an army, falling, one by one by one In My Remains
48%
This is the last time I'll take the blame for the sake of being with you Pushing Me Away
47%
Trying not to hide but I'm so tired of this to see From The Inside
43%
Something has been taken from deep inside of me Easier To Run
40%
I can't hold on, its all too much to taken By Myself
39%
I never knew what it was like to be alone Valentine's Day
33%
Let the sun fade out and another one rise I'll Be Gone
28%
There ain't sh*t we don't run when the guns unload Wretches and Kings
26%
They close in, swallowing me, the pain it comes in waves Blackbirds
17%
I'm dying tonight, I'm sick of all this pain Giving In
4%
No matching quizzes found
Score Distribution
Percent of People with Each Score
Percentile by Number Answered
Your Score History
You have not taken this quiz